000 00651nam a22002177a 4500
003 UA-OsUOA
001 110578
007 ta
008 20150324b un ||||| |||| 00| 0 ukr d
100 _aГудима І.
090 _a82
_bГ93
942 _cSA
040 _aUA-OsUOA
_bukr
_cUA-OsUOA
_dUA-OsUOA
245 _aМодернізм, його течії в контексті естетико-художнього перевороту на рубежі ХІХ - ХХ ст.
300 _aС.8-16
955 _a0
041 _aukr
080 _a82
773 0 _w110576
650 7 _a82 Література. Літературознавство
_2UDC
999 _c396727
_d396727